Estudio de la capacidad de transferencia de calor de un serpentin construido con tubos con aletas

Salvato in:
Dettagli Bibliografici
Autore principale: Cordero Padilla, Carlos Enrique
Natura: Libro
Pubblicazione: San José, Costa Rica 1992
Soggetti:
Tags: Aggiungi Tag
Nessun Tag, puoi essere il primo ad aggiungerne!!

MARC

LEADER 00000nam a2200000Ia 4500
003 006001
005 20221231144319.0
008 140114s1992 cr a m 000 ||s d
040 |c cru CEDI 
090 |a TFG 2706 
100 |a Cordero Padilla, Carlos Enrique  |9 12226 
245 |a Estudio de la capacidad de transferencia de calor de un serpentin construido con tubos con aletas 
260 |c 1992  |a San José, Costa Rica 
300 |a  v, 188 hojas : ilustraciones (algunas a color) ; 28 cm.  
500 |a  Proyecto de graduación (licenciatura en ingeniería mecánica)--Universidad de Costa Rica. Facultad de Ingeniería. Escuela de Ingeniería Mecánica 
650 |x TRANSMISION DEL CALOR   |x SERPENTINES  |9 12227 
942 |c TFG 
999 |c 20001  |d 20001